Normal view
MARC view
Entry Personal Name
001 - CONTROL NUMBER
- control field: 8564
003 - CONTROL NUMBER IDENTIFIER
- control field: BD-RjUL
005 - DATE AND TIME OF LATEST TRANSACTION
- control field: 20230824144630.0
008 - FIXED-LENGTH DATA ELEMENTS
- fixed length control field: 230824|| aca||aabn | a|a d
040 ## - CATALOGING SOURCE
- Original cataloging agency: BD-RjUL
- Transcribing agency: BD-RjUL
100 ## - HEADING--PERSONAL NAME
- Personal name: চৌধুরী, আবুল হাসান, তত্ত্বাবধায়ক
670 ## - SOURCE DATA FOUND
- Source citation: Work cat.: (BD-RjUL)81769: ইসলাম, মো : আমিনুল 8561, রাজশাহীর লোকসংস্কৃতি :, ২০০৮